000 01262aam a22003491i 4500
001 BDZ0040244329
003 StDuBDS
005 20230206132143.0
006 m || d |
007 cr |||||||||||
008 230206s2019 gw ob 000 0 ger d
020 _a9783658268619
_q(electronic bk.)
082 0 4 _a658.15242
100 1 _aGlatte, Thomas,
_eauthor.
245 1 0 _aCorporate real estate management :
_bSchnelleinstieg fur Architekten und Bauingenieure /
_cThomas Glatte.
260 _aWiesbaden, Germany :
_bSpringer Vieweg,
_c[2019].
300 _a1 online resource.
336 _atext
_2rdacontent
337 _acomputer
_2rdamedia
338 _aonline resource
_2rdacarrier
490 1 _aEssentials,
_x2197-6716
504 _aIncludes bibliographical references.
588 0 _aOnline resource; title from PDF title page (EBSCO, viewed June 25, 2019).
650 0 _aReal estate management.
650 0 _aEBOOK
651 _aGermany
655 4 _aElectronic books.
690 _96262
_aProperty management
830 0 _aEssentials (Springer VS)
856 4 0 _uhttps://www.vlebooks.com/vleweb/product/openreader?id=RICS&accId=9491556&isbn=9783658268619
_zView on VLEbooks. Logins for members only from [email protected]
942 _n0
999 _c121363
_d121363